000 00701nam a2200253Ia 4500
001 16186
003 GE_BSU
008 181216s||||||||xx |||||||||||||| ||und||
020 _a9781588266071
040 _cGE_BSU
080 _a337.2+339
100 _aDinan,Desmond
245 _aEver Closer union:An introduction to European integration
260 _aDoulder
260 _bLynne Reinner Publishers
260 _c2010
300 _a619p.23cm.
541 _h96Gel.
653 _aAn introduction to European integration
653 _aEver Closer union
653 _aევროკავშირის ინტეგრაცია
653 _aეკონომიკა
942 _cBK
999 _c49271
_d49271